000 01439cam a22003614a 4500
001 13903142
003 ARRUPE
005 20150131020005.0
008 050317s2005 nyu b 001 0 eng
010 _a 2005045960
015 _aGBA584210
_2bnb
016 7 _a013306440
_2Uk
020 _a1403969884
035 _a(OCoLC)ocm58721167
040 _aDLC
_cDLC
_dBAKER
_dC#P
_dUKM
_dDLC
042 _apcc
050 0 0 _aJC327
_b.K9 2005
082 0 0 _a320.1/5
_222
100 1 _aKurtulus, Ersun N.
_912952
245 1 0 _aState sovereignty :
_bconcept, phenomenon and ramifications /
_cErsun N. Kurtulus.
250 _a1st ed.
260 _aNew York :
_bPalgrave Macmillan,
_c2005.
300 _aviii, 232 p. ;
_c22 cm.
504 _aIncludes bibliographical references (p. [195]-227) and index.
650 0 _aState, The.
_912953
650 0 _aSovereignty.
_912954
856 4 2 _3Contributor biographical information
_uhttp://www.loc.gov/catdir/enhancements/fy0659/2005045960-b.html
856 4 2 _3Publisher description
_uhttp://www.loc.gov/catdir/enhancements/fy0659/2005045960-d.html
856 4 1 _3Table of contents only
_uhttp://www.loc.gov/catdir/enhancements/fy0659/2005045960-t.html
906 _a7
_bcbc
_corignew
_d1
_eocip
_f20
_gy-gencatlg
942 _2lcc
_cMONOGRAPH
_01
999 _c121353
_d121353